Private input suppliers as information agents for technology adoption in agriculture (Record no. 526003)

000 -LEADER
fixed length control field 01189nam a22001457a 4500
008 - FIXED-LENGTH DATA ELEMENTS--GENERAL INFORMATION
fixed length control field 240430b ||||| |||| 00| 0 eng d
100 ## - MAIN ENTRY--PERSONAL NAME
Personal name Dar, Manzoor H. et al
245 ## - TITLE STATEMENT
Title Private input suppliers as information agents for technology adoption in agriculture
260 ## - PUBLICATION, DISTRIBUTION, ETC. (IMPRINT)
Place of publication, distribution, etc American Economic Journal: Applied Economic
300 ## - PHYSICAL DESCRIPTION
Extent 16(2), Apr, 2024: p.219-248
520 ## - SUMMARY, ETC.
Summary, etc Information frictions limit the adoption of new agricultural technologies in developing countries. Efforts to improve learning involve spreading information from government agents to farmers. We show that when compared to this government approach, informing private input suppliers in India about a new seed variety increases farmer-level adoption by over 50 percent. Suppliers become more proactive in informing potential customers and carrying the new variety. They induce increased adoption by those with higher returns from the technology. Being motivated by expanded sales offers the most likely motive for these results.- Reproduced

https://www.aeaweb.org/articles?id=10.1257/app.20220037
773 ## - HOST ITEM ENTRY
Main entry heading American Economic Journal: Applied Economic
906 ## - LOCAL DATA ELEMENT F, LDF (RLIN)
Subject DIP AGRICULTURE
942 ## - ADDED ENTRY ELEMENTS (KOHA)
Item type Articles
Holdings
Withdrawn status Lost status Source of classification or shelving scheme Damaged status Not for loan Permanent location Current location Date acquired Serial Enumeration / chronology Barcode Date last seen Koha item type
          Indian Institute of Public Administration Indian Institute of Public Administration 2024-04-30 16(2), Apr, 2024: p.219-248 AR131795 2024-04-30 Articles

Powered by Koha